000 00928nac a22002897a 4500
001 BR8904116
003 BR-BrBNA
005 20240105121005.0
008 230509b bl.|||m| |||| 00| 0 por d
040 _aBR-BrBNA
_bpor
_cBiblioteca Nacional de Agricultura
072 _aH10
090 _a4020 BR8904116
100 1 _aSchimitt, A.T.
110 1 _aProjeto Tecnologias Alternativas-FASE, Vitoria, ES (Brasil);
_98098
110 1 _aProjeto Tecnologias Alternativas-FASE, Rio de Janeiro, RJ (Brasil)
_98097
245 1 _aControle biologico para a lagarta da mandioca
260 3 _aVitoria, ES (Brasil):
_c1986.
300 _a5 p.
490 _aBoletim Tecnico do PTA/ES (Brazil)
_v
_x
650 _aLAGARTA
650 _aMANDIOCA
650 _aCONTROLE BIOLOGICO
650 _aINSETO PARA CONTROLE BIOLOGICO
650 _aDEFESA VEGETAL
909 _a202312
_bLúcia Elande
_c55
_dLúcia Elande
942 _2AGRIS
_n0
_cMS
999 _c282637
_d282637